000 00915nam a2200277 a 4500
001 000007385
003 DO-SdBNP
005 20240412074204.0
007 ta
008 090908s1992 dr 001 p spa d
040 _aDO-SdBNP
_bspa
_cBNPHU
082 _aRD861.08
_bR789p
_222
100 1 _aRosario Candelier, Bruno,
_d1941-
_9851
245 1 0 _aPoética interior :
_bantología del ateneo insular /
_cBruno Rosario Candelier.
260 _aSantiago :
_bPontifícia Universidad Católica Madre y Maestra (PUCMM),
_c1992.
300 _a410 p. ;
_c23 cm.
490 1 _aCreación literaria
500 _aIncluye datos biográficos del autor en la contracubierta.
590 _aInventariado, 2023 / DG
650 4 _aPoesía dominicana
_xColecciones
_9351
650 0 _aLiteratura dominicana.
_967
710 2 _aAteneo Insular
_920527
830 0 _aCreación literaria
_920528
910 _aDG
942 _2ddc
_cLBS1
999 _c7166
_d7166